Teams in the Tokyo 2020 Olympics - with IOC country codes - Statistics

General Stats
  • This quiz has been taken 1,346 times
  • The average score is 169 of 206
Answer Stats
Hint Answer % Correct
GRE Greece
97%
GBR Great Britain
96%
IRL Ireland
96%
ISR Israel
96%
AFG Afghanistan
95%
ARG Argentina
95%
ITA Italy
95%
ALG Algeria
94%
IND India
94%
IRQ Iraq
94%
UAE United Arab Emirates
94%
YEM Yemen
94%
ALB Albania
93%
ARM Armenia
93%
AZE Azerbaijan
93%
CAN Canada
93%
ECU Ecuador
93%
EGY Egypt
93%
UKR Ukraine
93%
AUS Australia
92%
EST Estonia
92%
ETH Ethiopia
92%
NED Netherlands
92%
UGA Uganda
92%
URU Uruguay
92%
UZB Uzbekistan
92%
CHN China
91%
CUB Cuba
91%
GER Germany
91%
GHA Ghana
91%
KAZ Kazakhstan
91%
OMA Oman
91%
QAT Qatar
91%
SWE Sweden
91%
SUI Switzerland
91%
USA United States of America
91%
AND Andorra
90%
ANG Angola
90%
AUT Austria
90%
BRA Brazil
90%
CRO Croatia
90%
CYP Cyprus
90%
GUY Guyana
90%
ISL Iceland
90%
JAM Jamaica
90%
KEN Kenya
90%
SLO Slovenia
90%
ESP Spain
90%
COL Colombia
89%
CZE Czech Republic
89%
DEN Denmark
89%
ERI Eritrea
89%
FIJ Fiji
89%
FIN Finland
89%
GAM Gambia
89%
HUN Hungary
89%
JPN Japan
89%
MEX Mexico
89%
NIG Niger
89%
NGR Nigeria
89%
NOR Norway
89%
PAK Pakistan
89%
POL Poland
89%
SVK Slovakia
89%
KOR South Korea
89%
THA Thailand
89%
ZAM Zambia
89%
FRA France
88%
KOS Kosovo
88%
KUW Kuwait
88%
NZL New Zealand
88%
SRB Serbia
88%
SUD Sudan
88%
SYR Syria
88%
TUR Turkey
88%
ZIM Zimbabwe
88%
BUL Bulgaria
87%
GAB Gabon
87%
GEO Georgia
87%
POR Portugal
87%
SUR Suriname
87%
TOG Togo
87%
TUN Tunisia
87%
CMR Cameroon
86%
COD Democratic Republic of the Congo
86%
DJI Djibouti
86%
GUI Guinea
86%
IRI Iran
86%
JOR Jordan
86%
LAO Laos
86%
LAT Latvia
86%
LUX Luxembourg
86%
NAM Namibia
86%
NEP Nepal
86%
PER Peru
86%
PHI Philippines
86%
CGO Republic of the Congo
86%
ROC Russian Olympic Committee
86%
SEN Senegal
86%
SOM Somalia
86%
SRI Sri Lanka
86%
BEL Belgium
85%
TPE Chinese Taipei
85%
DOM Dominican Republic
85%
SWZ Eswatini
85%
HAI Haiti
85%
KGZ Kyrgyzstan
85%
LTU Lithuania
85%
TAN Tanzania
85%
VEN Venezuela
85%
BHU Bhutan
84%
CAM Cambodia
84%
DMA Dominica
84%
HKG Hong Kong
84%
INA Indonesia
84%
LBN Lebanon
84%
PAN Panama
84%
PAR Paraguay
84%
RWA Rwanda
84%
SEY Seychelles
84%
TJK Tajikistan
84%
TUV Tuvalu
84%
TKM Turkmenistan
83%
ANT Antigua and Barbuda
82%
ARU Aruba
82%
BLR Belarus
82%
HON Honduras
82%
MOZ Mozambique
82%
VIE Vietnam
82%
BOL Bolivia
81%
CHI Chile
81%
CIV Ivory Coast
81%
MYA Myanmar
81%
RSA South Africa
81%
BOT Botswana
80%
BRU Brunei
80%
KIR Kiribati
80%
LES Lesotho
80%
LBR Liberia
80%
MLT Malta
80%
ASA American Samoa
79%
BDI Burundi
79%
MAW Malawi
79%
MGL Mongolia
79%
NRU Nauru
79%
SAM Samoa
79%
TGA Tonga
79%
VAN Vanuatu
79%
CHA Chad
78%
COM Comoros
78%
GRN Grenada
78%
GUA Guatemala
78%
LIE Liechtenstein
78%
NCA Nicaragua
78%
ROU Romania
78%
BAH Bahamas
77%
MLI Mali
77%
MKD North Macedonia
77%
SGP Singapore
77%
BRN Bahrain
76%
SSD South Sudan
76%
BEN Benin
75%
CAY Cayman Islands
75%
MNE Montenegro
75%
GBS Guinea-Bissau
74%
MAD Madagascar
74%
MDA Moldova
74%
SOL Solomon Islands
74%
VIN Saint Vincent and the Grenadines
72%
CAF Central African Republic
71%
FSM Federated States of Micronesia
71%
LBA Libya
71%
SMR San Marino
71%
BAR Barbados
70%
BIZ Belize
70%
CPV Cape Verde
70%
CRC Costa Rica
70%
PNG Papua New Guinea
70%
SKN Saint Kitts and Nevis
70%
LCA Saint Lucia
70%
TTO Trinidad and Tobago
70%
GUM Guam
69%
MON Monaco
69%
KSA Saudi Arabia
69%
MDV Maldives
68%
BAN Bangladesh
67%
MRI Mauritius
67%
BIH Bosnia and Herzegovina
66%
MTN Mauritania
66%
MAS Malaysia
65%
MAR Morocco
65%
PLW Palau
65%
MHL Marshall Islands
61%
COK Cook Islands
59%
BUR Burkina Faso
58%
TLS East Timor
58%
CEQ Equatorial Guinea
58%
BER Bermuda
56%
ESA El Salvador
56%
PUR Puerto Rico
56%
STP São Tomé and Príncipe
55%
SLE Sierra Leone
53%
PLE Palestine
49%
IVB British Virgin Islands
48%
ISV Virgin Islands
47%
EOR Refugee Olympic Team
40%
No matching quizzes found
Score Distribution
Percent of People with Each Score
Percentile by Number Answered
Your Score History
You have not taken this quiz